Catálogo público

Disease-resistant apple cultivars developed from the apple breeding program at the University of Illinois (Record no. 2467)

MARC details
000 -CABECERA
campo de control de longitud fija 01130nam a22003137a 4500
003 - IDENTIFICADOR DEL NÚMERO DE CONTROL
campo de control CHAP
005 - FECHA Y HORA DE LA ÚLTIMA TRANSACCIÓN
campo de control 20220329133127.0
008 - DATOS DE LONGITUD FIJA--INFORMACIÓN GENERAL
campo de control de longitud fija 971013s1990 r 00010 d
010 ## - NÚMERO DE CONTROL DE LA BIBLIOTECA DEL CONGRESO
Número de control de LC 2467
011 ## - ENLACE DEL NUMERO DE CONTROL DE LA BIBLIOTECA DEL CONGRESO [OBSOLETO]
Número de control de LC 3439
035 ## - NÚMERO DE CONTROL DEL SISTEMA
Número de control de sistema 2639
040 ## - FUENTE DE LA CATALOGACIÓN
Centro/agencia transcriptor CHAP
090 ## - LOCALMENTE ASIGNADO TIPO-LC NÚMERO DE CLASIFICACIÓN (OCLC); NÚMERO DE CLASIFICACIÓN LOCAL (RLIN)
Número de clasificación (OCLC) (R) ; Numero de clasificación, CALL (RLIN) (NR) Folleto 13253
100 00 - ENTRADA PRINCIPAL--NOMBRE DE PERSONA
Nombre de persona Korban, S. S.
9 (RLIN) 63731
245 ## - MENCIÓN DE TÍTULO
Título Disease-resistant apple cultivars developed from the apple breeding program at the University of Illinois
260 ## - PUBLICACIÓN, DISTRIBUCIÓN, ETC.
Lugar de publicación, distribución, etc. Urbana-Champaign :
Nombre del editor, distribuidor, etc. University of Illinois. Agricultural Experiment Station,
Fecha de publicación, distribución, etc. 1990
300 ## - DESCRIPCIÓN FÍSICA
Extensión 4 p.
Otras características físicas : illus
490 ## - MENCIÓN DE SERIE
Mención de serie University of Illinois. Agricultural Experiment Station. Bulletin
Designación de volumen o secuencia ; 790
500 ## - NOTA GENERAL
Nota general D46-4
590 ## - NOTA LOCAL (RLIN)
Nota local BATCH-UPD
Procedencia (VM) [OBSOLETO] 10
Condición del los carretes individuales (VM) [OBSOLETO] 20130110
-- UCH01
-- 2157
590 ## - NOTA LOCAL (RLIN)
Nota local CONVERSION
Procedencia (VM) [OBSOLETO] 10
Condición del los carretes individuales (VM) [OBSOLETO] 20130109
-- UCH01
-- 1303
650 14 - PUNTO DE ACCESO ADICIONAL DE MATERIA--TÉRMINO DE MATERIA
Término de materia o nombre geográfico como elemento de entrada Manzana
Subdivisión general Mejoramiento.
9 (RLIN) 70785
650 14 - PUNTO DE ACCESO ADICIONAL DE MATERIA--TÉRMINO DE MATERIA
Término de materia o nombre geográfico como elemento de entrada Manzana
Subdivisión general Variedades resistentes a enfermedades.
9 (RLIN) 70811
700 0# - PUNTO DE ACCESO ADICIONAL--NOMBRE DE PERSONA
Nombre de persona O'Connor, P. A.
9 (RLIN) 82345
830 0# - PUNTO DE ACCESO ADICIONAL DE SERIE-TÍTULO UNIFORME
Título uniforme University of Illinois. Agricultural Experiment Station. Bulletin
Designación de volumen o secuencia ; 790
9 (RLIN) 116729
901 ## - ELEMENTOS DE DATOS A LOCAL LDA (RLIN)
a BK
942 ## - ELEMENTOS DE PUNTO DE ACCESO ADICIONAL (KOHA)
Tipo de ítem Koha Folleto
949 ## - PROCESAMIENTO DE INFORMACIÓN LOCAL (OCLC)
a Folleto 13253
b BC
c FOLL
d -12145
e TS1
i 2639
m D
s i
Holdings
Estado de retiro Estado de pérdida Fuente del sistema de clasificación o colocación Estado dañado Restricciones de uso No para préstamo Código de colección Localización permanente Ubicación/localización actual Ubicación en estantería Fecha de adquisición Información codificada de la localización en otra ubicación Total de préstamos Signatura topográfica completa Código de barras Fecha visto por última vez Precio válido a partir de Tipo de ítem Koha
    Clasificación Universidad Autónoma de Chapingo   Préstamo interno   Folletos Biblioteca Central Biblioteca Central Planta alta - Área de Tesis - Folletos 17/12/2012 FOLL   Folleto 13253 -12145 31/12/2019 17/12/2012 Folleto